1534 1750 1506 1886 1746 1252 1747 1760 1719 1587 1768 1501 1100 1963 1234 1477 1931 1371 1688 1283 1035 1365 1859 1597 1732 1637 1293 1593 1284 1995 1535 1286 1698 1902 1913 1819 1720 1731 1309 1156 1512 1539 1932 1198 1688 1734 1663 1688 1677 1746 1775 1538 1748 1073 1596 1097 1023 1913 1768 1171 1302 1679 1925 1327 1957 1191 1637 1225 1999 1442 1529 1702 1175 1508 1725 1399 1584 1993 1445 1109 1392 1132 1029 1415 1657 1623 1396 1738 1939 1515 1925 1691 1993 1016 1002 1838 1426 1424 1327 BCNSPRNW ULIB Ver.6.0+V

เปลี่ยนเป็นภาษาไทย

Change to English
 แสดงรายละเอียดบรรณานุกรม
  กลับหน้าหลัก

Brief Record : Get Marc (ISO 2709) : E-mail record : QR code < ปิดหน้าต่าง
LEADER : 00000nam 2200000uu 4500
001    13399114469
003     ULIB
008    110419s||||||||th 000 0 tha d
020    9748593843
060 04 WS330^bช175C
110 1  ชมรมต่อมไร้ท่อเด็กและวัยรุ่นแห่งประเทศไทย
245 00 Case Study in Pediatric Endocrinology /^cชมรมต่อมไร้ท่อเด็กและวัยรุ่นแห่งประเทศไทย
260    กรุงเทพฯ :^bชมรมต่อมไร้ท่อเด็กและวัยรุ่นแห่งประเทศไทย,^c2554
300    178 หน้า :^bตาราง
650  7 กุมารเวชศาสตร์
650  7 ต่อมไร้ท่อ, วิทยา
650  7 Case Study
945    ^p250^l0^i031598
945    ^p250^l0^i031599
995    ทศพร
999 ^a ใช้งานได้ทุกระบบ
รายการนี้ยังไม่มีแท็ก
คุณยังไม่ได้ล็อกอิน คุณสามารถมีกิจกรรมร่วมกับเว็บไซต์ได้ แต่ต้องล็อกอินก่อน ::
  ล็อกอิน

รายการสื่อสารสนเทศ

ลำดับที่ ประเภท เลขเรียก/บาร์โค้ด สถานที่ สถานะ
1. วิทยาศาสตร์การแพทย์ และสุขภาพ
หนังสือสำรอง
สถานะ=หนังสือสำรอง
WS330 ช175C ฉ.1 
  Barcode: 031598
ห้องสมุดวิทยาเขตสวรรค์ประชารักษ์
►ส่วนจัดเก็บหนังสือเก่า สปร
บนชั้น
  ขอยืม
2. วิทยาศาสตร์การแพทย์ และสุขภาพ
วิทยาศาสตร์การแพทย์ และสุขภาพ
WS330 ช175C ฉ.2 
  Barcode: 031599
ห้องสมุดวิทยาเขตสวรรค์ประชารักษ์
►ส่วนจัดเก็บหนังสือเก่า สปร
บนชั้น
  ขอยืม

รายการใกล้เคียง
    หัวเรื่อง [กุมารเวชศาสตร์]
    หัวเรื่อง [ต่อมไร้ท่อ, วิทยา]
    หัวเรื่อง [Case Study]

BibComment


ยังไม่เคยถูกคอมเมนท์

คอมเมนท์ทรัพยากรรายการนี้
  คอมเมนท์: Case Study in Ped..


 Copyright 2026. Bcnsprnw @Library